| 000 | 00741cam a2200253Ma 4500 | ||
|---|---|---|---|
| 001 | 97096 | ||
| 005 | 20230411090056.0 | ||
| 008 | 961119s1970 ag ao 000 e spa d | ||
| 035 | _a(OCoLC)ocn318340145 | ||
| 040 |
_aZZAND _bspa _cZZAND |
||
| 035 | _a(OCoLC)318340145 | ||
| 043 | _as-ck--- | ||
| 082 | 0 | 4 |
_aC864.44 _bA613n _220 |
| 049 | _aGRAL | ||
| 100 | 1 |
_aArciniegas, Germán, _d1900-1999. |
|
| 245 | 1 | 0 |
_aNueva imagen del Caribe / _cGermán Arciniegas. |
| 260 |
_aBuenos Aires : _bEditorial Sudamericana, _cc1970. |
||
| 300 |
_a463 p. : _bil., fotos ; _c20 cm. |
||
| 650 | 1 | 7 |
_aEnsayos colombianos _ySiglo XX. |
| 651 | 7 |
_aCaribe (Región) _vEnsayos, conferencias, etc. |
|
| 942 |
_2lcc _cbk |
||
| 994 |
_aC0 _bDRFGD |
||
| 946 | _aJP | ||
| 999 |
_c112045 _d112045 |
||